000
00285nam a22001337a 4500
008
170127b xxu||||| |||| 00| 0 eng d
020
_a
0801600987
041
_a
eng
080
_2
2nd
_a
61
100
_a
3
101
_a
SHM
245
_a
LEGAL MEDICINE
_c
ANDERSON, J.A
942
_2
udc
_c
BK
999
_c
3906
_d
3906